Normal view
MARC view
- Food. Hunger. Resistance to government.
Entry Topical Term
001 - CONTROL NUMBER
- control field: 86272
003 - CONTROL NUMBER IDENTIFIER
- control field: OSt
005 - DATE AND TIME OF LATEST TRANSACTION
- control field: 20250430082609.0
008 - FIXED-LENGTH DATA ELEMENTS
- fixed length control field: 250430|| aca||aabn | a|a d
040 ## - CATALOGING SOURCE
- Original cataloging agency: OSt
- Transcribing agency: OSt
150 ## - HEADING--TOPICAL TERM
- Topical term or geographic name as entry element: Food. Hunger. Resistance to government.
- Form subdivision: Fiction
670 ## - SOURCE DATA FOUND
- Source citation: Work cat.: (OSt)48882: Swain, Heather A. 86271, Hungry / , 2014.